Comuni della Provincia di Terni (con mappa) - Statistics

Statistiche generali
  • Questo quiz è stato fatto 42 volte
  • Il punteggio medio è 20 su 33
Risposte nella Mappa
Le risposte nella mappa del quiz sottostante sono codificate secondo una scala di colori dal rosso al verde in base alla % di persone che hanno risposto correttamente.
 
Statistiche sulle risposte
Risposta % Corretto
Terni
100%
Orvieto
95%
Narni
89%
San Gemini
74%
Acquasparta
68%
Amelia
68%
Attigliano
68%
Baschi
68%
Calvi dell'Umbria
63%
Fabro
63%
Giove
63%
Montecastrilli
63%
Penna in Teverina
63%
Allerona
58%
Alviano
58%
Arrone
58%
Avigliano Umbro
58%
Guardea
58%
Lugnano in Teverina
58%
Montegabbione
58%
Monteleone d'Orvieto
58%
Otricoli
58%
Polino
58%
Stroncone
58%
Castel Viscardo
53%
Ferentillo
53%
Ficulle
53%
Montecchio
53%
Parrano
53%
Porano
53%
San Venanzo
53%
Castel Giorgio
47%
Montefranco
47%
Nessun quiz corrispondente trovato
Distribuzione punteggi
Percentuale di utenti per punteggio
Percentile per numero di risposta
I tuoi punteggi nel tempo
Non hai fatto questo quiz